000 00769nam a22001337a 4500
040 _cRUA
082 _aAVM CHE 2009 B086 Or.1
100 _aCHENG, VANNA.
245 _aStudy on degradability of cattle on corn-by product, corn stalk and sugar cane tops, by using the nylon bag technique, ការសិក្សាអំពីកំរិតរលាយរបស់គោលើអនុផលដើមអំពោតកាច់ផ្លែ ដើមពោតខ្លី និងចុងអំពៅដោយប្រើវិធីសាសស្រ្តថង់នីឡុង
260 _aPhnom Penh
_bRUA
_c2009
300 _aix; 38p.
_bill.
_c29cm.
856 _uhttps://drive.google.com/file/d/1bTct-yCzLf9PQS7-BuoP4oti1AJePEuS/view?usp=sharing
942 _cAVM
999 _c2280
_d2280